Aseptic packaging of food

Uloženo v:
Podrobná bibliografie
Hlavní autor: Reuter, Helmut (Autor)
Médium: Kniha
Jazyk:angličtina
Vydáno: Lancaster Technomic 1989
Témata:
Tagy: Přidat tag
Žádné tagy, Buďte první, kdo vytvoří štítek k tomuto záznamu!

MARC

LEADER 00000nam a2200000 a 4500
001 UCV3812
003 CL-VaPUC
008 920928e19890000US |||||||||||||||||eng|d
082 0 4 |a 664.092  |b REU  |2 21 
100 0 |a Reuter, Helmut  |e author  |9 298179 
245 1 0 |a Aseptic packaging of food 
300 |a 269 p 
942 |c BK 
945 |d 19920928 00:00:00 
260 |a Lancaster  |b Technomic  |c 1989 
650 0 |a Alimentos   |x Embalajes  |9 298180 
650 7 |a HIGIENE DE ALIMENTOS  |2 CL-VaPUC  |9 259708 
650 7 |a INDUSTRIAS ALIMENTICIAS  |2 CL-VaPUC  |9 298181 
650 0 |a Medidas sanitarias   |9 259552 
583 |a last modification  |c 19920928 00:00:00  |k Rodrigo Vera 
999 |c 210936  |d 210934 
952 |0 0  |1 0  |4 0  |6 664_092000000000000_REU_1989  |7 0  |8 A  |9 188026  |a BIBALI  |b BIBALI  |c GEN  |d 2019-11-14  |i 2555034  |o 664.092 REU 1989  |p 2555034  |r 2025-01-20  |w 2019-11-14  |y BK  |k ALI